Europäische Länder mit Hinweisen - Statistiken

Allgemein
  • Dieses Quiz wurde 45.102 mal gespielt
  • Das Durchschnittsergebnis liegt bei 22 aus 28
Antwortstatistiken
Hinweis Land % Korrekt
Napoleon, Champagner, Eiffelturm Frankreich
100%
Bier, Schwarzwald, Beethoven Deutschland
96%
Die Mafia, Pizza, Renaissance Italien
96%
Ikea, Fleischbällchen, Volvo Schweden
96%
Kreta, Olympische Spiele, Parthenon Griechenland
95%
Kleinstes Land, der Papst Vatikanstadt
95%
Die Queen, Fußball, Bobbys Vereinigtes Königreich
95%
Mozart, Innsbruck, Freud Österreich
94%
Schokolade, Pommes Frites, Hauptstadt der EU Belgien
91%
Der Kreml, Kalter Krieg, Tschaikowsky Russland
91%
Cava, Costa de Sol, Tapas Spanien
90%
Cannabis, Kanäle, Anne Frank Niederlande
89%
Fjorde, Friedensnobelpreis, Ibsen Norwegen
85%
CERN, Uhren, Matterhorn Schweiz
81%
Doppeladlerflagge, mehrheitlich muslimisch Albanien
80%
Sauna, Winterkrieg, Lappland Finnland
79%
Prinz Albert, Casino, Formel 1 Monaco
79%
Borgen, Radfahren, Lego Dänemark
78%
Pysanka, Tschernobyl, Borschtsch Ukraine
78%
Gulasch, Plattensee, Volksaufstand von 1956 Ungarn
77%
Alpen, früher jugoslawisch, Ljubljana Slowenien
76%
Böhmen, Karlsbrücke, Skoda Tschechien
72%
Katalanisch, Pyrenäen, Kofürsten Andorra
65%
Insel, Johanniterorden, Falke Malta
64%
Algarve, die Azoren, Douro-Tal Portugal
64%
Kielbasa, Chopin, Kopernikus Polen
54%
Limerick, Blarney-Stein, Éire Irland
47%
Skype, Online-Wahl, Kiiking Estland
40%
Keine übereinstimmenden Quizze gefunden
Verteilung der Resultate
Anzahl Personen mit jedem Resultat
Perzentil nach korrekt beantworteten Fragen
Ihre Resultats-Entwicklung
Sie haben dieses Quiz noch nicht gespielt